Meč pro přítele : střípky ze života Jana Žižky z Trocnova /

Třetí část z volného cyklu historických románů, jejichž ústřední postavou je legendární husitský vojevůdce Jan Žižka z Trocnova.

Uloženo v:
Série:Střípky ze života Jana Žižky z Trocnova, část 3
Hlavní autor: Jindra, Jaromír, 1949- (Autor)
Médium: Kniha
Jazyk:Czech
Vydáno: Praha : Lirego, 2026
Vydání:Vydání první
Témata:
Celkem bylo vypůjčeno:1x
Příbuzné jednotky:Z cyklu:: Střípky ze života Jana Žižky z Trocnova
Tagy:
Žádné tagy
LEADER 03037nam a2200505 i 4500
001 106670
003 CZ PrNK
005 20260630074645.0
007 ta
008 260616s2026 xr g 000 f cze
015 |a cnb003764783 
020 |a 9788088437284  |q (vázáno) 
040 |a ABG001  |b cze  |d BOA001  |e rda 
072 7 |a 821.162.3-3  |x Česká próza  |2 Konspekt  |9 25 
080 |a 821.162.3-31  |2 MRF 
080 |a 355.081  |2 MRF 
080 |a 27-878.4-726.6  |2 MRF 
080 |a (437.3)  |2 MRF 
080 |a (0:82-311.6)  |2 MRF 
100 1 |a Jindra, Jaromír,  |d 1949-  |7 jn20000401239  |4 aut  |9 18483 
245 1 0 |a Meč pro přítele :  |b střípky ze života Jana Žižky z Trocnova /  |c Jaromír Jindra 
246 3 0 |a Střípky ze života Jana Žižky z Trocnova 
250 |a Vydání první 
264 1 |a Praha :  |b Lirego,  |c 2026 
300 |a 300 stran ;  |c 21 cm 
336 |a text  |b txt  |2 rdacontent 
337 |a bez média  |b n  |2 rdamedia 
338 |a svazek  |b nc  |2 rdacarrier 
520 2 |a Třetí část z volného cyklu historických románů, jejichž ústřední postavou je legendární husitský vojevůdce Jan Žižka z Trocnova.  |b Jan Žižka sice po ukončení vnitřních válek dostal milost od krále Václava, ale byl mu odepřen přístup k dvorské službě. Odchází proto s mnoha bývalými spolubojovníky do Polska, kde se schyluje k rozhodujícímu střetu s Řádem německých rytířů u osady Grunwald v Pomoří. Polsko-litevské vojsko posílené českými sbory zvítězilo, ale král Vladislav Jagello nedokázal tohoto úspěchu využít k definitivnímu vypuzení Němců ze země. Po návratu domů mu český král dal za úkol chránit bezpečí královny Žofie. Spolu s ní dochází na kázání Jana Husa, a když se Hus vydává obhájit své učení k církevnímu koncilu v Kostnici, je Žižka jedním z jeho průvodců. Po Husově uvěznění chce pro něj získat podporu francouzského a anglického krále, jejichž rody jsou spřízněny s Lucemburky, avšak s překvapením zjišťuje, že se nelze spolehnout ani na jednoho z nich. Nakladatelská anotace. 
600 1 7 |a Žižka z Trocnova, Jan,  |d asi 1360-1424  |7 jn19981002498  |2 czenas  |9 112238 
648 7 |a 14.-15. století  |7 ch460617  |2 czenas  |9 52946 
650 0 7 |a vojevůdci  |7 ph127216  |y 14.-15. století  |z Česko  |2 czenas 
650 0 7 |a husité  |7 ph120950  |z Česko  |2 czenas 
650 0 9 |a military leaders  |y 14th-15th centuries  |z Czechia  |2 eczenas 
650 0 9 |a hussites  |z Czechia  |2 eczenas 
655 7 |a české romány  |7 fd133974  |2 czenas  |9 54031 
655 7 |a historické romány  |7 fd132414  |2 czenas  |9 53624 
655 9 |a Czech fiction  |2 eczenas 
655 9 |a historical novels  |2 eczenas 
710 2 |a LIREGO (nakladatelství)  |7 xx0257421  |4 pbl  |9 117293 
787 0 8 |i Z cyklu:  |t Střípky ze života Jana Žižky z Trocnova  |g 3 
910 |a UOG502 
942 |2 ddc  |c KN 
999 |d 106670 
993 |0 0  |1 421180107394  |2 ddc  |4 0  |7 0  |9 100165  |b 0  |c 107394  |d 2026-06-30  |e 1  |f DOSP  |h 399.00  |i Koupě  |l DOSP  |q 2026-08-11  |r 2026-06-30  |s 2026-06-30  |t 6  |w 2026-06-30  |y KN  |z HISTO  |n